Normal view
MARC view
- Educación bilingüe
Entry Materia
001 - NÚMERO DE CONTROL DEL REGISTRO
- campo de control: 15018
003 - IDENTIFICADOR DE NUMERO DE CONTROL
- campo de control: MX-MxUPN
005 - FECHA Y HORA DE LA ÚLTIMA TRANSACCIÓN
- campo de control: 20230925111719.0
008 - DATOS DE LONGITUD FIJA
- campo de control de longitud fija: 230925dn annnnbabd a ana |d
035 ## - NÚMERO DE CONTROL DEL SISTEMA
- Número de control del sistema: UPN10000015026
040 ## - FUENTE DE LA CATALOGACIÓN
- Lengua de catalogación: spa
- Centro catalogador de origen: MX-MxUPN
150 ## - ENCABEZAMIENTO - TEMÁTICO
- Término de materia o nombre geográfico como elemento inicial: Educación bilingüe
- Subdivisión geográfica: Chiapas
670 ## - FUENTE EN LA QUE SE LOCALIZARON DATOS
- Cita de la fuente: Autoridades BGTQ, 25 septiembre 2023 :
- Información localizada: (Educación bilingüe)
670 ## - FUENTE EN LA QUE SE LOCALIZARON DATOS
- Cita de la fuente: Autoridades BGTQ, 25 septiembre 2023 :
- Información localizada: (Chiapas -- Descripción y viajes)
902 ## - CATALOGADOR
- Catalogador: MMA/270505
- Catalogador: VíctorGodínez/250923
